000 00323nam a2200145Ia 4500
100 _aD.G.E.T. Minstry (Cimi)
650 _aFitter
490 _vITI
942 _cBK
654 _aFitter
245 _aFitter First Year Assignment /Test
260 _bWiley Eastern.
_aNEW DELHI
_c1993
300 _a83
546 _aENGLISH
999 _c30057
_d30057